| 000 | 00691cam a2200229 i 4500 | ||
|---|---|---|---|
| 008 | |||
| 020 | _a9781446201725 (pbk.) | ||
| 049 | _aMAIN | ||
| 090 |
_aBF637.N46 _bGRI |
||
| 100 | 1 | _aGrimley, Bruce. | |
| 245 | 1 | 0 |
_aTheory and practice of NLP coaching : _ba psychological approach / _cBruce, Grimley. |
| 260 |
_aLos Angeles : _bSAGE, _c2013. |
||
| 300 |
_avi, 217 p. ; _c25 cm |
||
| 500 | _aIncludes index. | ||
| 504 | _aIncludes bibliographical references. | ||
| 650 | 0 | _aNeurolinguistic programming. | |
| 907 |
_a.b10378923 _b22-02-17 _c22-02-17 |
||
| 003 | |||
| 005 | 20230123122243.0 | ||
| 040 | _cNUST | ||
| 942 |
_cBOOKS _kBF637.N46 _mGRI |
||
| 999 |
_c130471 _d130471 |
||